Transformaciones del Estado y procesos de descentralización: la propuesta del banco mundial en la década de 1990 y las lógicas intereses en el capitalismo global /
Αποθηκεύτηκε σε:
| Κύριος συγγραφέας: | |
|---|---|
| Μορφή: | Κείμενο |
| Θέματα: | |
| Ετικέτες: |
Προσθήκη ετικέτας
Δεν υπάρχουν, Καταχωρήστε ετικέτα πρώτοι!
|
MARC
| LEADER | 00000 a a2200000 04500 | ||
|---|---|---|---|
| 001 | 42395 | ||
| 003 | |||
| 040 | |||
| 100 | |a Ramiro Fernandez, Victor | ||
| 245 | |a Transformaciones del Estado y procesos de descentralización: |b la propuesta del banco mundial en la década de 1990 y las lógicas intereses en el capitalismo global / |c Victor Ramiro Fernandez | ||
| 650 | |a ESTADO | ||
| 650 | |a CAPITALISMO | ||
| 650 | |a DESCENTRALIZACION | ||
| 650 | |a BANCO MUNDIAL | ||
| 773 | |g volumen33, número128 (2002), páginas 55-94 | ||
| 999 | |c 22766 |d 22766 | ||
